| 000 | 01595nam a22002177a 4500 | ||
|---|---|---|---|
| 005 | 20200104041620.0 | ||
| 008 | 131112b2010 ck ||||| |||| 00| 0 spa d | ||
| 040 |
_aCO-BoIAVH _cCO-BoIAVH |
||
| 041 | _aspa | ||
| 044 | _ack | ||
| 090 |
_aIAVH _b01458 |
||
| 100 |
_aRomero Ruiz-Milton _92437 |
||
| 245 |
_aPropuesta de investigacion para elaborar y especializar una bateria de indicacores socio-ecologicos que reflejan el estado del territorio de la cuenca el río Meta: Orinoquía Colombia _bInsumo para la propuesta de investigación "desarrollo y aplicar una metodologia que permite identificar los efectos acumulativos e los procesos de transformanción de la biodiversidad,conocidos como indice de huella ecológica documento final |
||
| 260 |
_aBogota _bInstituto de Investigación de Recursos Biológicos Alexander von Humboldt _c2010 |
||
| 300 |
_a87 p. _bil _c27 cm |
||
| 500 | _aInforme técnico contrato Nº 10-10-068-086 PS | ||
| 520 | _aDesarrollar y aplicar una metodología que permita identificar los efectos acumulativos y los procesos de transformación de la biodiversidad. Construir una batería de indicadores y un indice sintético que permita ver los efectos acumulativos de los procesos de transformación de la biodiversidad. Evaluar y recopilar la información requerida para la construcción del índice. Desarrollar el modelo que determina el grado de aplicabilidad sobre los procesos acumulativos en la transformación de la biodiversidad. | ||
| 650 |
_aEspecies amenazadas _9157 |
||
| 650 |
_aAreas protegidas _zOrinoquia colombiana _932409 |
||
| 942 |
_2z _cINFORME |
||
| 999 |
_c7766 _d7766 |
||